000 00544nam a22001817a 4500
999 _c157250
_d157250
005 20190128154852.0
010 _aB-219145
020 _a8183820220
_c95.00
035 _aB-219145, B-219162
082 _22006
_a650.1
_bSAM
100 _aSamel, Philip j.
245 _aHow to start my business/
_cby Philips j.samuel
260 _aNew Delhi
_bLotus Press
270 _a4263/3,Ansari Road,Darya Ganj,
_bDelhi
_e110002
300 _a105p.;
_c20cm
942 _2ddc
_cEN
_h650.1
_mSAM